000 00441nam a22001817a 4500
005 20200517122928.0
008 200517b xxu||||| |||| 00| 0 eng d
020 _a9788123922171
041 _aeng
082 _a615.19 RAZ
100 _aRAZDAN BALKISHEN
_95386
245 _aDURG DESIGN
250 _a1'ST
260 _aNew Delhi
_bC.B S Publishers and Distributors
_c2018
300 _a287 , x
650 _aPharmacy
_95387
942 _cBK
999 _c6208
_d6206